[Organizovanie]

Recenzia na vysokoškolskú učebnicu, ktorá je zameraná na problematiku zdokonaľovania práce podnikového manažmentu, a to efektívnym organizovaním pri vhodnej voľbe organizačnej štruktúry podniku.

Na minha lista:
Detalhes bibliográficos
Autor principal: Vavrinčík, Pavel
Formato: Capítulo de Livro
Idioma:eslovaco
Assuntos:
Tags: Adicionar Tag
Sem tags, seja o primeiro a adicionar uma tag!

MARC

LEADER 00000naa$a2200000$$$4500
001 0116014
005 20240502072308.1
041 0 |a slo 
044 |a SK 
245 1 0 |a [Organizovanie]  |c Pavel Vavrinčík 
520 |a Recenzia na vysokoškolskú učebnicu, ktorá je zameraná na problematiku zdokonaľovania práce podnikového manažmentu, a to efektívnym organizovaním pri vhodnej voľbe organizačnej štruktúry podniku. 
610 2 0 |a organizácia práce 
610 2 0 |a riadenie podnikové 
610 2 0 |a manažment 
610 2 0 |a recenzie 
610 2 0 |a štruktúra podniku organizačná 
100 1 |a Vavrinčík, Pavel